[Event "Oberliga Ost B 2016 2017"]
[Site "Germany"]
[Date "2017.02.19"]
[Round "7.6"]
[White "Foermes, Alexander"]
[Black "Wege, Jochen"]
[Result "1-0"]
[WhiteElo "2079"]
[BlackElo "2295"]
[PlyCount "53"]
[EventDate "2016.10.16"]
[EventType "team-tourn"]
[EventCountry "GER"]
[WhiteTeam "Marburg SK"]
[BlackTeam "Frankfurt SC Brett vorm Kopp"]
[WhiteTeamCountry "GER"]
[BlackTeamCountry "GER"]

1. c4 b6 2. Nc3 c5 3. e4 Bb7 4. Nge2 d6 5. g3 e6 6. Bg2 a6 7. O-O Qc7 8. b3 Nf6
9. Bb2 Be7 10. d4 cxd4 11. Nxd4 Nbd7 12. f4 O-O 13. g4 Nc5 14. Qe2 b5 15. g5
Nfd7 16. cxb5 axb5 17. Ncxb5 Qb6 18. Kh1 Rfe8 19. a4 e5 20. Nf5 Bf8 21. Rad1
Ba6 22. Qh5 Bxb5 23. axb5 g6 24. Nh6+ Bxh6 25. Qxh6 Ra2 26. fxe5 Nxe5 27. Rxf7
1-0

[Event "Oberliga Ost B 2016 2017"]
[Site "Germany"]
[Date "2017.02.19"]
[Round "7.7"]
[White "Syed, Tareq"]
[Black "Neidhardt, Helge"]
[Result "1/2-1/2"]
[WhiteElo "2010"]
[BlackElo "2040"]
[PlyCount "67"]
[EventDate "2016.10.16"]
[EventType "team-tourn"]
[EventCountry "GER"]
[WhiteTeam "Frankfurt SC Brett vorm Kopp"]
[BlackTeam "Marburg SK"]
[WhiteTeamCountry "GER"]
[BlackTeamCountry "GER"]

1. e4 e5 2. Nf3 Nc6 3. c3 d5 4. Qa4 Qd6 5. d3 Nf6 6. Be2 Be7 7. Nbd2 Be6 8. O-O
Qd7 9. b4 Bd6 10. Bb2 Ne7 11. Qxd7+ Nxd7 12. Rfe1 O-O 13. Ng5 c6 14. g3 Rfe8
15. Nxe6 fxe6 16. Bg4 Ng6 17. h4 Nf6 18. Bh3 Rad8 19. Rad1 Kf8 20. a3 Kf7 21.
f3 Bc7 22. Nb3 b6 23. c4 a6 24. Kf2 dxc4 25. dxc4 Rxd1 26. Rxd1 Rd8 27. Rxd8
Bxd8 28. c5 b5 29. Bc3 Ke7 30. Ke3 Bc7 31. Nc1 Nh5 32. Ne2 Nf6 33. Be1 Kf7 34.
Bc3 1/2-1/2

[Event "Oberliga Ost B 2016 2017"]
[Site "Germany"]
[Date "2017.02.19"]
[Round "7.8"]
[White "Kuhn, Gerhard"]
[Black "Goebel, Andreas"]
[Result "1/2-1/2"]
[WhiteElo "1957"]
[BlackElo "1980"]
[PlyCount "36"]
[EventDate "2016.10.16"]
[EventType "team-tourn"]
[EventCountry "GER"]
[WhiteTeam "Marburg SK"]
[BlackTeam "Frankfurt SC Brett vorm Kopp"]
[WhiteTeamCountry "GER"]
[BlackTeamCountry "GER"]

1. e4 c6 2. d4 d5 3. exd5 cxd5 4. Bd3 Nf6 5. c3 e6 6. Nf3 Nc6 7. Bf4 Be7 8.
Nbd2 Nh5 9. Be3 f5 10. Nb3 Nf6 11. O-O O-O 12. Re1 Ne4 13. Ne5 Nxe5 14. dxe5
Qc7 15. Bd4 Nc5 16. Bf1 Bd7 17. Nxc5 Bxc5 18. Rc1 b5 1/2-1/2

[Event "Oberliga Ost B 2016 2017"]
[Site "Germany"]
[Date "2017.02.19"]
[Round "7.1"]
[White "Geske, Julian"]
[Black "Uwira, Oliver"]
[Result "1/2-1/2"]
[WhiteElo "2399"]
[BlackElo "2254"]
[PlyCount "91"]
[EventDate "2016.10.16"]
[EventType "team-tourn"]
[EventCountry "GER"]
[WhiteTeam "Wiesbadener SV"]
[BlackTeam "Frankfurt SC Koenig Nied"]
[WhiteTeamCountry "GER"]
[BlackTeamCountry "GER"]

1. c4 f5 2. g3 Nf6 3. Bg2 e6 4. Nf3 Be7 5. O-O O-O 6. Nc3 d6 7. d3 e5 8. e4 f4
9. d4 fxg3 10. hxg3 Qe8 11. dxe5 dxe5 12. Nxe5 Bd6 13. Nd3 Ng4 14. f3 Ne5 15.
f4 Bg4 16. Qc2 Nxd3 17. Qxd3 Na6 18. Be3 Rd8 19. Qc2 c6 20. a3 Bc5 21. Qf2 Bxe3
22. Qxe3 Qe6 23. b3 Qd6 24. Bf3 Bxf3 25. Rxf3 Nc5 26. b4 Nb3 27. c5 Qe6 28. Rd1
Qc4 29. Rff1 Nd4 30. Rd2 Nb3 31. Rxd8 Rxd8 32. Rd1 Rxd1+ 33. Nxd1 Qc2 34. Nf2
Nd2 35. Kg2 Nc4 36. Qd4 Qe2 37. Qd8+ Kf7 38. Qd7+ Kf8 39. Qd8+ Kf7 40. Qd7+ Kf8
41. Qc8+ Kf7 42. Qxb7+ Kf8 43. Qc8+ Kf7 44. Qd7+ Kf8 45. Qd8+ Kf7 46. Qd7+
1/2-1/2

[Event "Oberliga Ost B 2016 2017"]
[Site "Germany"]
[Date "2017.02.19"]
[Round "7.2"]
[White "Staller, Peter"]
[Black "Dubkov, Andrej"]
[Result "1/2-1/2"]
[WhiteElo "2264"]
[BlackElo "2283"]
[PlyCount "59"]
[EventDate "2016.10.16"]
[EventType "team-tourn"]
[EventCountry "GER"]
[WhiteTeam "Frankfurt SC Koenig Nied"]
[BlackTeam "Wiesbadener SV"]
[WhiteTeamCountry "GER"]
[BlackTeamCountry "GER"]

1. Nf3 c5 2. e3 Nc6 3. b3 e5 4. Bb2 e4 5. Ng1 d5 6. d3 exd3 7. Bxd3 Nf6 8. Nf3
Bd6 9. Nbd2 O-O 10. O-O Nb4 11. Be2 Bf5 12. Ne1 Bc7 13. a3 Qd6 14. Ndf3 Nc6 15.
c4 Rad8 16. Bxf6 Qxf6 17. cxd5 Be4 18. Ra2 Rxd5 19. Rd2 Rfd8 20. Rxd5 Rxd5 21.
Qc1 Ne5 22. Nxe5 Qxe5 23. g3 Rd6 24. Bf3 Bg6 25. Ng2 Rd3 26. Nf4 Rxb3 27. Nxg6
hxg6 28. Rd1 Qe7 29. Bd5 Rb6 30. Qc4 1/2-1/2

[Event "Oberliga Ost B 2016 2017"]
[Site "Germany"]
[Date "2017.02.19"]
[Round "7.3"]
[White "Nehmert, Ulrich"]
[Black "Chandler, Patrick"]
[Result "1-0"]
[WhiteElo "2324"]
[BlackElo "2154"]
[PlyCount "85"]
[EventDate "2016.10.16"]
[EventType "team-tourn"]
[EventCountry "GER"]
[WhiteTeam "Wiesbadener SV"]
[BlackTeam "Frankfurt SC Koenig Nied"]
[WhiteTeamCountry "GER"]
[BlackTeamCountry "GER"]

1. e4 d5 2. exd5 Qxd5 3. Nc3 Qd6 4. d4 Nf6 5. Bc4 c6 6. Nge2 e6 7. Bf4 Qd8 8.
O-O Be7 9. Qd3 Nbd7 10. Rad1 Nb6 11. Bb3 a5 12. a3 O-O 13. Ng3 Nbd5 14. Nxd5
cxd5 15. Rfe1 a4 16. Ba2 Qb6 17. Bc1 Bd7 18. Bb1 Bb5 19. Qf3 Ne8 20. Nh5 Qd8
21. Qh3 Bd7 22. c3 g6 23. Bh6 Kh8 24. Bxf8 Bxf8 25. Qf3 Kg8 26. Nf4 Qf6 27. Qe3
Bd6 28. Nd3 Qh4 29. g3 Qf6 30. Ne5 Bb5 31. Bd3 Bxd3 32. Qxd3 Bf8 33. Nd7 Qd8
34. Nxf8 Kxf8 35. c4 Nc7 36. c5 Qd7 37. b3 Qb5 38. bxa4 Rxa4 39. Qe3 Qa5 40.
Qh6+ Ke7 41. Re3 Rxa3 42. Qh4+ Kd7 43. Qf6 1-0

[Event "Oberliga Ost B 2016 2017"]
[Site "Germany"]
[Date "2017.02.19"]
[Round "7.5"]
[White "Ress, Tamas"]
[Black "Perlitz, Sven"]
[Result "1-0"]
[WhiteElo "2305"]
[BlackElo "2065"]
[PlyCount "75"]
[EventDate "2016.10.16"]
[EventType "team-tourn"]
[EventCountry "GER"]
[WhiteTeam "Wiesbadener SV"]
[BlackTeam "Frankfurt SC Koenig Nied"]
[WhiteTeamCountry "GER"]
[BlackTeamCountry "GER"]

1. d4 Nf6 2. Bg5 c5 3. d5 Qb6 4. Nc3 d6 5. e4 Nbd7 6. Nf3 Qxb2 7. Bd2 Qb6 8.
Bb5 a6 9. Bxd7+ Bxd7 10. e5 Ng4 11. exd6 exd6 12. O-O Be7 13. Re1 Kf8 14. Bf4
Re8 15. a4 Qd8 16. Rb1 Bc8 17. Ne4 h6 18. Qe2 g5 19. Nxd6 gxf4 20. Nxe8 Kxe8
21. Ne5 Rg8 22. Nxg4 Bxg4 23. Qe5 Kf8 24. Qxf4 Qxd5 25. Qxh6+ Ke8 26. Qh7 Rg6
27. Qh8+ Kd7 28. c4 Qc6 29. Rb3 Be6 30. Rd3+ Bd6 31. g3 Bxc4 32. Rd2 Be6 33. a5
c4 34. Red1 Bg4 35. Qf8 Rf6 36. Qg7 Bh3 37. Rd5 Be6 38. Rxd6+ 1-0

[Event "Oberliga Ost B 2016 2017"]
[Site "Germany"]
[Date "2017.02.19"]
[Round "7.6"]
[White "Goll, Christof"]
[Black "Minor, Samuel"]
[Result "0-1"]
[WhiteElo "2082"]
[BlackElo "2189"]
[PlyCount "40"]
[EventDate "2016.10.16"]
[EventType "team-tourn"]
[EventCountry "GER"]
[WhiteTeam "Frankfurt SC Koenig Nied"]
[BlackTeam "Wiesbadener SV"]
[WhiteTeamCountry "GER"]
[BlackTeamCountry "GER"]

1. d4 f5 2. c4 d6 3. g3 Nf6 4. Bg2 g6 5. Nc3 Bg7 6. Nf3 O-O 7. O-O Qe8 8. Re1
Qf7 9. b3 Ne4 10. Bb2 c5 11. Nxe4 fxe4 12. Ng5 Qxf2+ 13. Kh1 Qe3 14. Nxe4 Nc6
15. Qd3 Qxd3 16. exd3 Nb4 17. Rad1 Bg4 18. Rd2 Bh6 19. Rf2 Nxd3 20. Rxf8+ Rxf8
0-1

[Event "Oberliga Ost B 2016 2017"]
[Site "Germany"]
[Date "2017.02.19"]
[Round "7.7"]
[White "Doehring, Joachim"]
[Black "Lemonidis, Christos"]
[Result "1-0"]
[WhiteElo "2082"]
[BlackElo "1810"]
[PlyCount "85"]
[EventDate "2016.10.16"]
[EventType "team-tourn"]
[EventCountry "GER"]
[WhiteTeam "Wiesbadener SV"]
[BlackTeam "Frankfurt SC Koenig Nied"]
[WhiteTeamCountry "GER"]
[BlackTeamCountry "GER"]

1. Nf3 d6 2. c4 e5 3. Nc3 g6 4. d4 Bg7 5. dxe5 dxe5 6. Qxd8+ Kxd8 7. Bg5+ f6 8.
O-O-O+ Nd7 9. Bh4 Ne7 10. Nd5 Nxd5 11. cxd5 Re8 12. e4 a6 13. Nd2 Bh6 14. Bd3
Ke7 15. Kb1 Bxd2 16. Rxd2 b6 17. f3 Bb7 18. Rc1 Rac8 19. Rdc2 Kd6 20. Rc6+ Bxc6
21. Rxc6+ Ke7 22. Bxa6 Ra8 23. Bb7 Rab8 24. Rxc7 Kd8 25. Rxd7+ Kxd7 26. Bc6+
Ke7 27. Bxe8 Rxe8 28. Bf2 Rb8 29. a4 f5 30. Kc2 fxe4 31. fxe4 Kd6 32. Kb3 Kc7
33. Kb4 Ra8 34. b3 Ra5 35. h3 Ra8 36. Bg3 Re8 37. Kb5 Kd6 38. b4 Ra8 39. Bf2
Rf8 40. Bxb6 Rf4 41. a5 Rxe4 42. a6 Rf4 43. a7 1-0

[Event "Oberliga Ost B 2016 2017"]
[Site "Germany"]
[Date "2017.02.19"]
[Round "7.8"]
[White "Pruefert, Franziska"]
[Black "Mayer, Frank"]
[Result "0-1"]
[WhiteElo "1747"]
[BlackElo "2145"]
[PlyCount "58"]
[EventDate "2016.10.16"]
[EventType "team-tourn"]
[EventCountry "GER"]
[WhiteTeam "Frankfurt SC Koenig Nied"]
[BlackTeam "Wiesbadener SV"]
[WhiteTeamCountry "GER"]
[BlackTeamCountry "GER"]

1. d4 d5 2. c4 dxc4 3. e4 e5 4. d5 Nf6 5. Nc3 b5 6. Bg5 a6 7. Nf3 Bd6 8. Be2
Nbd7 9. O-O h6 10. Be3 b4 11. Na4 Nxe4 12. Bxc4 O-O 13. Qc2 Nef6 14. Nh4 Nb6
15. Nxb6 cxb6 16. Nf5 b5 17. Nxd6 Qxd6 18. Bxb5 axb5 19. Bc5 Qc7 20. Rac1 Re8
21. Qb3 Qb7 22. d6 Be6 23. Qxb4 Rxa2 24. Rfe1 Nd7 25. Be3 Ra4 26. Qd2 Rc4 27.
Ra1 Qd5 28. Qa5 Qxd6 29. Qxb5 Rb8 0-1

[Event "Oberliga Ost B 2016 2017"]
[Site "Germany"]
[Date "2017.02.19"]
[Round "7.1"]
[White "Kunin, Vitaly"]
[Black "Keller, Peter"]
[Result "1-0"]
[WhiteElo "2595"]
[BlackElo "2285"]
[PlyCount "67"]
[EventDate "2016.10.16"]
[EventType "team-tourn"]
[EventCountry "GER"]
[WhiteTeam "Moerlenbach Birkenau Freibauer"]
[BlackTeam "Frankfurter TV"]
[WhiteTeamCountry "GER"]
[BlackTeamCountry "GER"]

1. Nf3 d5 2. g3 c6 3. Bg2 Bg4 4. d4 Nf6 5. O-O e6 6. Nbd2 Be7 7. Re1 Nbd7 8. e4
dxe4 9. Nxe4 Nxe4 10. Rxe4 Nf6 11. Re1 O-O 12. c3 Qb6 13. Qb3 Rfd8 14. Ne5 Bf5
15. Nc4 Qxb3 16. axb3 Nd5 17. b4 g5 18. b5 Bd3 19. Ne5 Bxb5 20. c4 f6 21. cxb5
fxe5 22. bxc6 bxc6 23. Rxe5 Kf7 24. Bxg5 Bxg5 25. Rxg5 Rdb8 26. Rh5 Rxb2 27.
Rxh7+ Kf6 28. Bh3 a5 29. Re1 Re8 30. Bxe6 a4 31. Rf7+ Kg6 32. Rf3 Re7 33. Re4
Rb3 34. Rxb3 1-0

[Event "Oberliga Ost B 2016 2017"]
[Site "Germany"]
[Date "2017.02.19"]
[Round "7.2"]
[White "Telljohann, Sven"]
[Black "Galdunts, Sergey"]
[Result "1/2-1/2"]
[WhiteElo "2409"]
[BlackElo "2415"]
[PlyCount "112"]
[EventDate "2016.10.16"]
[EventType "team-tourn"]
[EventCountry "GER"]
[WhiteTeam "Frankfurter TV"]
[BlackTeam "Moerlenbach Birkenau Freibauer"]
[WhiteTeamCountry "GER"]
[BlackTeamCountry "GER"]

1. Nf3 d5 2. g3 c6 3. Bg2 Bg4 4. h3 Bh5 5. d3 Nd7 6. O-O Ngf6 7. b3 e5 8. c4 d4
9. Na3 Bd6 10. Nc2 O-O 11. Rb1 a5 12. g4 Bg6 13. Nh4 Re8 14. Nxg6 hxg6 15. a3
Nc5 16. b4 axb4 17. axb4 Na4 18. Bb2 Nh7 19. c5 Bc7 20. Ne1 Ng5 21. Qb3 Qf6 22.
e3 Nxb2 23. Qxb2 Qe7 24. Nf3 Nxf3+ 25. Bxf3 Qh4 26. Bg2 e4 27. Qxd4 Rad8 28.
Qc4 Rxd3 29. b5 Qe7 30. Rfd1 Red8 31. Rxd3 exd3 32. b6 Bb8 33. Rd1 d2 34. Qc2
Kh7 35. Kf1 Qe5 36. Ke2 Qh2 37. Qe4 Rd5 38. Rxd2 Rxc5 39. Rd7 Qg1 40. Rd1 Qh2
41. Rd7 Rb5 42. Rxf7 Be5 43. g5 Qg1 44. Rd7 Rb2+ 45. Rd2 Rxd2+ 46. Kxd2 Qxf2+
47. Kd3 Bb2 48. h4 Bc1 49. Bf3 Qd2+ 50. Kc4 Qxe3 51. Qxe3 Bxe3 52. Bg4 Bxb6 53.
Bc8 Bf2 54. Bxb7 Bxh4 55. Bxc6 Bxg5 56. Kd3 Kh6 1/2-1/2

[Event "Oberliga Ost B 2016 2017"]
[Site "Germany"]
[Date "2017.02.19"]
[Round "7.3"]
[White "Legde, Georg"]
[Black "Brueggemann, Ludger"]
[Result "1/2-1/2"]
[WhiteElo "2309"]
[BlackElo "2190"]
[PlyCount "81"]
[EventDate "2016.10.16"]
[EventType "team-tourn"]
[EventCountry "GER"]
[WhiteTeam "Moerlenbach Birkenau Freibauer"]
[BlackTeam "Frankfurter TV"]
[WhiteTeamCountry "GER"]
[BlackTeamCountry "GER"]

1. d4 Nf6 2. c4 g6 3. g3 Bg7 4. Bg2 O-O 5. Nf3 d6 6. O-O Nbd7 7. Qc2 e5 8. Rd1
Re8 9. dxe5 dxe5 10. e4 c6 11. h3 Qc7 12. Be3 Bf8 13. Nc3 a5 14. Na4 b6 15. c5
Nxc5 16. Nxc5 Bxc5 17. Bxc5 bxc5 18. Nd2 Nd7 19. Bf1 Nf8 20. Qxc5 Ne6 21. Qc3
Nd4 22. Nb3 Bxh3 23. Nxd4 Bxf1 24. Kxf1 exd4 25. Rxd4 Rad8 26. Rad1 Rxd4 27.
Rxd4 Qe5 28. Rc4 Qxc3 29. bxc3 Rc8 30. Rc5 Re8 31. f3 Rb8 32. Rxa5 Rb2 33. a4
Ra2 34. Ke1 h5 35. f4 Kg7 36. Kf1 Ra3 37. Rc5 Rxa4 38. e5 Ra6 39. Kf2 Kf8 40.
Rc4 Ke7 41. Ke3 1/2-1/2

[Event "Oberliga Ost B 2016 2017"]
[Site "Germany"]
[Date "2017.02.19"]
[Round "7.4"]
[White "Neininger, Ralph"]
[Black "Dittmar, Peter"]
[Result "1/2-1/2"]
[WhiteElo "2125"]
[BlackElo "2266"]
[PlyCount "40"]
[EventDate "2016.10.16"]
[EventType "team-tourn"]
[EventCountry "GER"]
[WhiteTeam "Frankfurter TV"]
[BlackTeam "Moerlenbach Birkenau Freibauer"]
[WhiteTeamCountry "GER"]
[BlackTeamCountry "GER"]

1. Nf3 d5 2. d4 Nf6 3. c4 e6 4. Nc3 c5 5. cxd5 Nxd5 6. e4 Nxc3 7. bxc3 cxd4 8.
cxd4 Bb4+ 9. Bd2 Bxd2+ 10. Qxd2 O-O 11. Bc4 b6 12. O-O Bb7 13. Rfe1 Nd7 14.
Rad1 Rc8 15. Bd3 Qe7 16. Bb1 Rfd8 17. Qf4 Qf6 18. Qe3 Qe7 19. Qf4 Qf6 20. Qe3
Qe7 1/2-1/2

[Event "Oberliga Ost B 2016 2017"]
[Site "Germany"]
[Date "2017.02.19"]
[Round "7.5"]
[White "Felgendreher, Heiko"]
[Black "Du Maire, Jerome"]
[Result "1/2-1/2"]
[WhiteElo "2222"]
[BlackElo "2169"]
[PlyCount "161"]
[EventDate "2016.10.16"]
[EventType "team-tourn"]
[EventCountry "GER"]
[WhiteTeam "Moerlenbach Birkenau Freibauer"]
[BlackTeam "Frankfurter TV"]
[WhiteTeamCountry "GER"]
[BlackTeamCountry "GER"]

1. e4 e6 2. d4 d5 3. Nc3 Nf6 4. Bg5 Bb4 5. e5 h6 6. Be3 Ne4 7. a3 Bxc3+ 8. bxc3
c5 9. Bd3 Nxc3 10. Qg4 Kf8 11. dxc5 Nc6 12. Nf3 Qa5 13. O-O Bd7 14. Rfe1 Rc8
15. h4 Rc7 16. h5 Qa4 17. Qg3 d4 18. Bd2 Qa5 19. Re4 Nxe4 20. Bxa5 Nxg3 21.
Bxc7 Nxh5 22. Rb1 Bc8 23. Be4 f6 24. Bxc6 bxc6 25. g4 Nf4 26. exf6 Ne2+ 27. Kf1
Nc3 28. Rb8 Kf7 29. fxg7 Ba6+ 30. Ke1 Rxb8 31. Bxb8 Kxg7 32. Nxd4 Nb5 33. Nxc6
Nxa3 34. Nxa7 Nxc2+ 35. Kd2 Nb4 36. Be5+ Kg6 37. c6 Nd5 38. c7 Ne7 39. Bf4 h5
40. gxh5+ Kxh5 41. Ke3 Kg4 42. Bg3 Nc8 43. Nc6 Bb7 44. Nd8 Bd5 45. Kd4 Kg5 46.
Kc5 Kf6 47. Bh4+ Kg6 48. Kd4 Kf5 49. Nf7 Kg6 50. Ne5+ Kg7 51. Kc5 Kf8 52. Nd7+
Kf7 53. Kd4 Ba2 54. Ke5 Bd5 55. Bg5 Ba2 56. f4 Bc4 57. Nc5 Ba2 58. Bh4 Bc4 59.
Nb7 Ke8 60. Nc5 Kf7 61. Bd8 Ba2 62. Ne4 Ke8 63. Kf6 Kd7 64. Ng5 Nd6 65. Ke5 Ne8
66. Ne4 Nxc7 67. Bxc7 Kxc7 68. Nc5 Kd8 69. Kf6 Ke8 70. Nxe6 Bb3 71. Nd4 Ba2 72.
Kg7 Bb1 73. Ne6 Ke7 74. Nd4 Bd3 75. Nf3 Ke6 76. Nh4 Be4 77. Ng6 Kf5 78. Kf7
Bd5+ 79. Kg7 Bc6 80. Ne7+ Kxf4 81. Nd5+ 1/2-1/2

[Event "Oberliga Ost B 2016 2017"]
[Site "Germany"]
[Date "2017.02.19"]
[Round "7.6"]
[White "Krzesinski, Paul"]
[Black "Boehmer, Christian"]
[Result "0-1"]
[WhiteElo "2046"]
[BlackElo "2166"]
[PlyCount "74"]
[EventDate "2016.10.16"]
[EventType "team-tourn"]
[EventCountry "GER"]
[WhiteTeam "Frankfurter TV"]
[BlackTeam "Moerlenbach Birkenau Freibauer"]
[WhiteTeamCountry "GER"]
[BlackTeamCountry "GER"]

1. e4 d6 2. d4 g6 3. Be3 Bg7 4. Nc3 a6 5. a4 b6 6. Bc4 e6 7. Nge2 Bb7 8. O-O
Ne7 9. Ng3 d5 10. exd5 Nxd5 11. Nxd5 Bxd5 12. Bd3 Nd7 13. Ne4 Nf6 14. Bg5 h6
15. Nxf6+ Bxf6 16. Be3 Bb7 17. c3 Bg5 18. Qg4 Bxe3 19. fxe3 Qg5 20. Qxg5 hxg5
21. Rf6 Ke7 22. Raf1 Rh7 23. Be2 Rah8 24. h3 Be4 25. R6f2 a5 26. Bf3 Bd3 27.
Be2 Bc2 28. Bb5 Be4 29. Be2 f5 30. Bf3 Bd3 31. Rd1 Bc4 32. Bc6 g4 33. Kh2 Kd6
34. Bb5 Bd5 35. c4 Rxh3+ 36. gxh3 Rxh3+ 37. Kg1 Rh1# 0-1

[Event "Oberliga Ost B 2016 2017"]
[Site "Germany"]
[Date "2017.02.19"]
[Round "7.7"]
[White "Schaefer, Michael"]
[Black "Titsch, Leonhard"]
[Result "1-0"]
[WhiteElo "2166"]
[BlackElo "1997"]
[PlyCount "75"]
[EventDate "2016.10.16"]
[EventType "team-tourn"]
[EventCountry "GER"]
[WhiteTeam "Moerlenbach Birkenau Freibauer"]
[BlackTeam "Frankfurter TV"]
[WhiteTeamCountry "GER"]
[BlackTeamCountry "GER"]

1. d4 Nf6 2. c4 e6 3. Nc3 Bb4 4. g3 O-O 5. Bg2 d5 6. Nf3 b6 7. O-O Nbd7 8. cxd5
exd5 9. Bf4 Bb7 10. Rc1 c5 11. Nb5 Ne4 12. dxc5 bxc5 13. Nd6 Nxd6 14. Bxd6 Re8
15. a3 Qb6 16. Bf4 Ba5 17. b4 cxb4 18. Bc7 Qa6 19. Bxa5 Qxa5 20. axb4 Qb6 21.
Nd4 Nf6 22. Qd3 Qxb4 23. Rb1 Qe7 24. Nf5 Qd7 25. Bh3 Kh8 26. Qd2 Ne4 27. Qb2 d4
28. Qxb7 Qe6 29. Rfc1 Ng5 30. Bg4 h5 31. Rc6 Qe4 32. Nd6 Qe7 33. Qxe7 Rxe7 34.
Bxh5 g6 35. Bg4 f5 36. Bf3 Nxf3+ 37. exf3 Re6 38. Nf7+ 1-0

[Event "Oberliga Ost B 2016 2017"]
[Site "Germany"]
[Date "2017.02.19"]
[Round "7.8"]
[White "Ortinau, Peter"]
[Black "Wohlfart, Paulus"]
[Result "1/2-1/2"]
[WhiteElo "2070"]
[BlackElo "2111"]
[PlyCount "43"]
[EventDate "2016.10.16"]
[EventType "team-tourn"]
[EventCountry "GER"]
[WhiteTeam "Frankfurter TV"]
[BlackTeam "Moerlenbach Birkenau Freibauer"]
[WhiteTeamCountry "GER"]
[BlackTeamCountry "GER"]

1. d4 f5 2. g3 Nf6 3. Bg2 g6 4. c4 Bg7 5. Nc3 d6 6. Nf3 O-O 7. O-O c6 8. d5 e5
9. dxe6 Bxe6 10. b3 Na6 11. Ng5 Qe7 12. Nxe6 Qxe6 13. Bb2 Rad8 14. Qd2 Nc5 15.
Rad1 Nfe4 16. Nxe4 Nxe4 17. Bxe4 Qxe4 18. Bxg7 Kxg7 19. Qd4+ Qxd4 20. Rxd4 Rfe8
21. e3 Re4 22. Rfd1 1/2-1/2

[Event "Oberliga Ost B 2016 2017"]
[Site "Germany"]
[Date "2017.02.19"]
[Round "7.1"]
[White "Lubbe, Nikolas"]
[Black "Dubiel, Jacek"]
[Result "1/2-1/2"]
[WhiteElo "2500"]
[BlackElo "2423"]
[PlyCount "36"]
[EventDate "2016.10.16"]
[EventType "team-tourn"]
[EventCountry "GER"]
[WhiteTeam "Neuberg SF"]
[BlackTeam "Oberursel SV"]
[WhiteTeamCountry "GER"]
[BlackTeamCountry "GER"]

1. d4 d5 2. Nf3 Nf6 3. c4 e6 4. Nc3 Be7 5. Bg5 h6 6. Bxf6 Bxf6 7. cxd5 exd5 8.
e3 O-O 9. Rc1 c6 10. h3 Re8 11. Bd3 Nd7 12. O-O Be7 13. a3 Bd6 14. Qc2 Nf6 15.
Rfe1 Bd7 16. Bf5 Bxf5 17. Qxf5 Ne4 18. Nxe4 Rxe4 1/2-1/2

[Event "Oberliga Ost B 2016 2017"]
[Site "Germany"]
[Date "2017.02.19"]
[Round "7.2"]
[White "Margolin, Boris"]
[Black "Lubbe, Melanie"]
[Result "1/2-1/2"]
[WhiteElo "2391"]
[BlackElo "2261"]
[PlyCount "107"]
[EventDate "2016.10.16"]
[EventType "team-tourn"]
[EventCountry "GER"]
[WhiteTeam "Oberursel SV"]
[BlackTeam "Neuberg SF"]
[WhiteTeamCountry "GER"]
[BlackTeamCountry "GER"]

1. d4 Nf6 2. Nf3 g6 3. g3 Bg7 4. Bg2 O-O 5. O-O d6 6. a4 c6 7. Nc3 Qc7 8. e4 e5
9. h3 b6 10. Be3 Bb7 11. Qd2 Re8 12. Rfe1 a6 13. Bg5 Nbd7 14. Rad1 b5 15. dxe5
dxe5 16. axb5 axb5 17. Bh6 Nc5 18. Bxg7 Kxg7 19. b4 Na4 20. Nxa4 bxa4 21. Qc3
c5 22. Nd2 Rec8 23. b5 c4 24. Rb1 a3 25. Rb4 Qc5 26. Ra1 a2 27. Bf1 Rd8 28.
Rxc4 Qxb5 29. Bd3 Qa5 30. Rb4 Ba6 31. Nb3 Qa3 32. Bxa6 Rxa6 33. Rb7 Rd7 34.
Rxd7 Nxd7 35. Kg2 Qd6 36. Qb2 Qb4 37. f3 Qb5 38. Kf2 Qb6+ 39. Ke2 Qb5+ 40. Kf2
Qb6+ 41. Ke2 Qe6 42. g4 Qc4+ 43. Kf2 Qa4 44. Nc1 Rf6 45. Ke2 Qc4+ 46. Nd3 Ra6
47. Kd2 Ra5 48. Qb3 Qa6 49. Nb4 Qd6+ 50. Nd3 Qa6 51. Nb4 Qd6+ 52. Nd3 Qf6 53.
Ke2 Qa6 54. Kd2 1/2-1/2

[Event "Oberliga Ost B 2016 2017"]
[Site "Germany"]
[Date "2017.02.19"]
[Round "7.5"]
[White "Seifert, Christopher"]
[Black "Haubt, Georg"]
[Result "1/2-1/2"]
[WhiteElo "2294"]
[BlackElo "2161"]
[PlyCount "49"]
[EventDate "2016.10.16"]
[EventType "team-tourn"]
[EventCountry "GER"]
[WhiteTeam "Neuberg SF"]
[BlackTeam "Oberursel SV"]
[WhiteTeamCountry "GER"]
[BlackTeamCountry "GER"]

1. c4 c5 2. g3 Nf6 3. Bg2 d5 4. cxd5 Nxd5 5. Nc3 Nc7 6. d3 e5 7. Be3 Be7 8. Rc1
Nd7 9. Nf3 O-O 10. O-O f5 11. Qa4 Kh8 12. Nd2 Nb6 13. Qa5 Ne6 14. f4 exf4 15.
gxf4 Bf6 16. Nb3 Bd4 17. Bxd4 cxd4 18. Nb5 a6 19. Nc7 Nxc7 20. Qxb6 Ne6 21.
Qxd8 Rxd8 22. Nc5 Rb8 23. a3 Nf8 24. Nb3 Be6 25. Nc5 1/2-1/2

[Event "Oberliga Ost B 2016 2017"]
[Site "Germany"]
[Date "2017.02.19"]
[Round "7.6"]
[White "Koller, Jens"]
[Black "Lutz, Klaus Juergen"]
[Result "1/2-1/2"]
[WhiteElo "2203"]
[BlackElo "2277"]
[PlyCount "20"]
[EventDate "2016.10.16"]
[EventType "team-tourn"]
[EventCountry "GER"]
[WhiteTeam "Oberursel SV"]
[BlackTeam "Neuberg SF"]
[WhiteTeamCountry "GER"]
[BlackTeamCountry "GER"]

1. e4 d6 2. d4 Nf6 3. Nc3 c6 4. g3 Qa5 5. Bg2 e5 6. Nge2 Be7 7. O-O b5 8. a4 b4
9. Na2 Ba6 10. Re1 c5 1/2-1/2

[Event "Oberliga Ost B 2016 2017"]
[Site "Germany"]
[Date "2017.02.19"]
[Round "7.7"]
[White "Schaffer, Hendrik"]
[Black "Oparaugo, Thomas"]
[Result "1/2-1/2"]
[WhiteElo "2267"]
[BlackElo "2088"]
[PlyCount "53"]
[EventDate "2016.10.16"]
[EventType "team-tourn"]
[EventCountry "GER"]
[WhiteTeam "Neuberg SF"]
[BlackTeam "Oberursel SV"]
[WhiteTeamCountry "GER"]
[BlackTeamCountry "GER"]

1. d4 Nf6 2. c4 c6 3. Nf3 d5 4. e3 Bf5 5. Nc3 e6 6. Nh4 Bg4 7. Qb3 Qb6 8. h3
Bh5 9. g4 Bg6 10. Nxg6 hxg6 11. Bg2 Na6 12. Bd2 Qxb3 13. axb3 Nb4 14. Ke2 Na6
15. e4 Nxe4 16. Nxe4 dxe4 17. Bxe4 Nc7 18. Bc3 Bd6 19. h4 a6 20. Ra5 O-O-O 21.
h5 gxh5 22. Raxh5 Rhe8 23. Rd1 Nd5 24. Bxd5 exd5+ 25. Kd3 g6 26. Rh7 Rd7 27.
Rdh1 1/2-1/2

[Event "Oberliga Ost B 2016 2017"]
[Site "Germany"]
[Date "2017.02.19"]
[Round "7.8"]
[White "Schwenkreis, Thomas"]
[Black "Knickel, Aaron"]
[Result "1-0"]
[WhiteElo "2068"]
[BlackElo "2159"]
[PlyCount "77"]
[EventDate "2016.10.16"]
[EventType "team-tourn"]
[EventCountry "GER"]
[WhiteTeam "Oberursel SV"]
[BlackTeam "Neuberg SF"]
[WhiteTeamCountry "GER"]
[BlackTeamCountry "GER"]

1. e4 g6 2. d4 d6 3. Be3 Bg7 4. Be2 Nd7 5. Nc3 a6 6. a4 b6 7. Bf3 Bb7 8. Nge2
c5 9. g3 cxd4 10. Bxd4 Ngf6 11. O-O O-O 12. Nd5 e5 13. Be3 Nxd5 14. exd5 Rc8
15. Nc3 f5 16. Bg2 e4 17. Bd4 Bxd4 18. Qxd4 Qf6 19. Qd1 Rfe8 20. Ra3 Rc4 21.
Qe2 Qd4 22. Rd1 Qc5 23. g4 e3 24. gxf5 Rf4 25. fxe3 Rxe3 26. b4 Qxc3 27. Qxe3
Qxe3+ 28. Rxe3 Rxf5 29. Re6 Rf6 30. Rde1 a5 31. Re7 Rf7 32. Bh3 Nf8 33. Rxf7
Kxf7 34. bxa5 bxa5 35. Be6+ Nxe6 36. Rxe6 Bxd5 37. Rxd6 Be4 38. c3 Bc2 39. Rd4
1-0